|
|
|
|
| LEADER |
00000cam a2200000 4500 |
| 001 |
vtls011739389 |
| 003 |
SK-MaSNL |
| 005 |
20260301095117.0 |
| 008 |
200228s2017 xo hdacfrn 000 0dslo |
| 015 |
|
|
|a SNBA2018/04
|
| 020 |
|
|
|a 9788089614462
|q (brožované)
|
| 035 |
|
|
|a urn:nbn:sk:snk-am00dab1
|
| 035 |
|
|
|a urn:nbn:sk:snk-am3hvc9
|
| 035 |
|
|
|a 2BAC1E80-0460-40DC-8116-50C8E88A2467
|
| 040 |
|
|
|a SNK
|b slo
|c SNK
|e rda
|
| 041 |
0 |
|
|a slo
|b eng
|b ger
|b hun
|
| 043 |
|
|
|a e-xo---
|a e-au---
|a e-hu---
|
| 044 |
|
|
|a xo
|c SK
|
| 072 |
|
7 |
|a 373.5/.6
|x Stredné školy
|2 konspekt
|
| 072 |
|
7 |
|a 026
|x Odborné/špeciálne knižnice
|2 konspekt
|
| 080 |
|
|
|a 373.5
|2 2011
|
| 080 |
|
|
|a 373/378.014.521
|2 2001
|
| 080 |
|
|
|a 373(091)
|2 2011
|
| 080 |
|
|
|a 37.014.5
|2 2011
|
| 080 |
|
|
|a 027.8
|2 2011
|
| 080 |
|
|
|a 025
|2 2011
|
| 080 |
|
|
|a 026/027(091)
|2 2011
|
| 080 |
|
|
|a 929
|2 2011
|
| 080 |
|
|
|a 37.011.3-051
|2 2011
|
| 080 |
|
|
|a 002+801.82
|2 2011
|
| 080 |
|
|
|a (436+439)
|2 2011
|
| 080 |
|
|
|a (048.8)
|2 2011
|
| 080 |
|
|
|a 025.171
|2 2011
|
| 080 |
|
|
|a (437.671)
|2 2011
|
| 080 |
|
|
|a [930.85:08/09](091)
|2 2011
|
| 080 |
|
|
|a 93/94-027.541
|2 2011
|
| 100 |
1 |
|
|a Bischof, Lenka,
|d 1980-
|4 aut
|9 429929
|
| 245 |
1 |
0 |
|a Prešovské kráľovské katolícke vyššie gymnázium a jeho knižnice (1850-1918)
|c Lenka Bischof
|
| 250 |
|
|
|a Vydanie prvé
|
| 264 |
|
1 |
|a Prešov
|b Štátna vedecká knižnica
|c 2017
|
| 300 |
|
|
|a 135 strán
|b faksimile, fotografie, grafy, portréty, tabuľky
|c 25 cm
|
| 336 |
|
|
|a text
|b txt
|2 rdacontent
|
| 337 |
|
|
|a bez média
|b n
|2 rdamedia
|
| 338 |
|
|
|a zväzok
|b nc
|2 rdacarrier
|
| 366 |
|
|
|e 110 kusov
|
| 490 |
1 |
|
|a Historické fondy
|
| 500 |
|
|
|a Na rube titulného listu: Z produkcie oddelenia historických knižných fondov ŠVK Prešov
|
| 504 |
|
|
|a Bibliografia na strane 127-131 ; bibliografické odkazy
|
| 546 |
|
|
|a Nemecké, anglické a maďarské resumé
|
| 610 |
2 |
7 |
|a Prešovské kráľovské katolícke vyššie gymnázium (Prešov, Slovensko)
|2 SNKKA
|9 429942
|
| 648 |
|
7 |
|a 1850-1918
|2 SNKPH
|9 317988
|
| 648 |
|
7 |
|a 19.-20. stororočie
|2 SNKPH
|9 355979
|
| 648 |
|
7 |
|a 19th-20th centuries
|2 SNKPHeng
|9 282960
|
| 650 |
0 |
7 |
|a gymnáziá
|2 SNKPH
|9 16386
|
| 650 |
0 |
7 |
|a cirkevné školy
|2 SNKPH
|9 4074
|
| 650 |
0 |
7 |
|a dejiny školstva
|2 SNKPH
|9 71224
|
| 650 |
0 |
7 |
|a školská politika
|2 SNKPH
|9 3200
|
| 650 |
0 |
7 |
|a školské knižnice
|2 SNKPH
|9 65580
|
| 650 |
0 |
7 |
|a historické knižné fondy
|2 SNKPH
|9 71548
|
| 650 |
0 |
7 |
|a dejiny knižníc
|2 SNKPH
|9 60304
|
| 650 |
0 |
7 |
|a osobnosti
|2 SNKPH
|9 29820
|
| 650 |
0 |
7 |
|a pedagógovia
|2 SNKPH
|9 18561
|
| 650 |
0 |
7 |
|a písomné pramene
|2 SNKPH
|9 75640
|
| 650 |
0 |
7 |
|a knižničné zbierky
|2 SNKPH
|9 91209
|
| 650 |
0 |
7 |
|a dejiny knižnej kultúry
|2 SNKPH
|9 71470
|
| 650 |
0 |
7 |
|a regionálne dejiny
|2 SNKPH
|9 63645
|
| 650 |
0 |
7 |
|a Church schools
|2 SNKPHeng
|9 265050
|
| 650 |
0 |
7 |
|a Educational policy
|2 SNKPHeng
|9 323687
|
| 650 |
0 |
7 |
|a School libraries
|2 SNKPHeng
|9 332211
|
| 650 |
0 |
7 |
|a Library collections
|2 SNKPHeng
|9 302779
|
| 650 |
0 |
7 |
|a Historical book collections
|2 SNKPHeng
|9 326656
|
| 650 |
0 |
7 |
|a History of libraries
|2 SNKPHeng
|9 293921
|
| 650 |
0 |
7 |
|a History of books and reading
|2 SNKPHeng
|9 267129
|
| 650 |
0 |
7 |
|a Regional history
|2 SNKPHeng
|9 266493
|
| 650 |
0 |
7 |
|a Celebrities
|2 SNKPHeng
|9 265203
|
| 650 |
0 |
7 |
|a Educationalists
|2 SNKPHeng
|9 281675
|
| 650 |
0 |
7 |
|a Written sources
|2 SNKPHeng
|9 295953
|
| 650 |
0 |
7 |
|a High schools
|2 SNKPHeng
|9 265992
|
| 650 |
0 |
7 |
|a History of education
|2 SNKPHeng
|9 286006
|
| 651 |
|
7 |
|a Prešov (Slovensko)
|2 SNKPHgeo
|9 17347
|
| 651 |
|
7 |
|a Rakúsko-Uhorsko
|2 SNKPH
|9 36860
|
| 651 |
|
7 |
|a Austro-Hungarian Monarchy
|2 SNKPHeng
|9 283186
|
| 651 |
|
7 |
|a Prešov (Slovakia)
|2 SNKPHeng
|9 267943
|
| 655 |
|
7 |
|a monografie
|2 SNKPH
|9 70139
|
| 655 |
|
7 |
|a Monographs
|2 SNKPHeng
|9 120675
|
| 810 |
2 |
|
|a Štátna vedecká knižnica v Prešove
|t Historické fondy
|9 50458
|
| 852 |
|
|
|a Štátna vedecká knižnica v Banskej Bystrici
|
| 919 |
|
|
|a 978-80-89614-46-2
|
| 958 |
|
|
|a NB
|
| 958 |
|
|
|a HU
|
| 958 |
|
|
|a DE
|
| 958 |
|
|
|a BX
|
| 999 |
|
|
|c 682213
|d 684143
|
| 952 |
|
|
|a SNK
|b SNK
|y PREZ
|7 0
|p 17A1320426
|o snkSC 178176
|i snk2018/3823
|8 0
|0 0
|1 0
|4 0
|d 2018-02-12
|f 1
|l 0
|r 2025-09-19 00:00:00
|w 2026-02-23
|
| 952 |
|
|
|a SNK
|b SNK
|y VYP
|7 0
|p 17A1320427
|o snkSC 178176 D1
|i snk2018/3824
|8 0
|0 0
|1 0
|4 0
|d 2018-02-12
|l 0
|r 2026-02-23 20:01:06
|w 2026-02-23
|